000 00902nam a22003377a 4500
001 BR2017000285
003 BR-BrBNA
005 20230928105027.0
007 ta
008 230509b bl.||||| |||| 00| 0 por d
040 _aBR-BrBNA
_bpor
_cBiblioteca Nacional de Agricultura
041 _a(Por)
072 _aH60
_b3876
090 _ 3876 BR2017000285
100 1 _aVelini, E.D.
100 1 _aMeschede, D.K.
100 1 _aCarbonari, C.A.
100 1 _aTrindade, M.L.B.
245 1 _aGlyphosate
250 1 _a1. ed.
260 3 _aBotucatu, SP (Brasil):
_bFepaf,
_c2009.
300 _a493 p.
500 _aIncludes several bibliographies; Summary (Por); 147.; 38 tables
650 _aHERBICIDA SISTÊMICO
650 _aHISTÓRIA
650 _aERVA DANINHA
650 _aRESISTÊNCIA A PESTICIDA
650 _aTOXICOLOGIA
909 _a202309
_bLucia
_c55
_dLucia Elande
942 _cBK
999 _c83009
_d83009